Fr. Conceicao Rodrigues College of Engineering

Sharpening of Cutting Tools (Record no. 27662)

MARC details
000 -LEADER
fixed length control field 00263nam a2200121Ia 4500
100 ## - MAIN ENTRY--PERSONAL NAME
Personal name Popov/S
245 ## - TITLE STATEMENT
Title Sharpening of Cutting Tools
260 ## - PUBLICATION, DISTRIBUTION, ETC.
Name of publisher, distributor, etc. Mir Publishers
Place of publication, distribution, etc. Moscow
Date of publication, distribution, etc. 1972
300 ## - PHYSICAL DESCRIPTION
Extent 399
546 ## - LANGUAGE NOTE
Language note ENGLISH
654 ## - SUBJECT ADDED ENTRY--FACETED TOPICAL TERMS
Focus term Cutting Tools
942 ## - ADDED ENTRY ELEMENTS (KOHA)
Koha item type BOOK
Holdings
Withdrawn status Lost status Damaged status Not for loan Collection Home library Current library Date acquired Cost, normal purchase price Total Checkouts Full call number Barcode Date last seen Cost, replacement price Price effective from Koha item type Inventory number
        AFT Fr. Agnel's C.Rodrigues College of Engineering Fr. Agnel's C.Rodrigues College of Engineering 17/03/2023 8.00   AFT1103 17/03/2023 8.00 17/03/2023 BOOK  
        AFT Fr. Agnel's C.Rodrigues College of Engineering Fr. Agnel's C.Rodrigues College of Engineering 17/03/2023 7.00   621.9 AFT1644 17/03/2023 7.00 17/03/2023 BOOK LVG;2450